000 00811nam a2200265 i 4500
001 6022
003 ES-MaACL
005 20240508104556.0
007 t|
008 890629s1988 sp ||||1| spa d
020 _a84-7658-111-4
080 _a86.0(729.1)-34"19"
080 _a86.0(729.1)(Alberti,J.J.7 P.01)
100 1 _aAlberti, Juan J.
_919339
245 1 0 _aPetra, la mulata y otros cuentos /
_cJuan J. Alberti.
250 _a1a ed.
260 _aBarcelona :
_bAnthropos,
_c1988.
300 _a111 p. ;
_c20 cm.
490 1 _aAmbitos literarios. Narrativa ;
_v27
500 _aPremio Ambito Literario de Narrativa 1988.
830 0 0 _aÁmbitos literarios.
_pNarrativa ;
_v27
_9177289
852 _aES-MaACL
_jL-11343
_bR.116151
_z. - rust.
942 _2udc
999 _c6022
_d6022